000
00265nam a2200109Ia 4500
008
201224s9999 xx 000 0 und d
100
_a
Kurtz, S.L.
245
0
_a
CEO: building a
260
_a
Boston, Mass
_b
Harvard Business School Press
300
_a
307
942
_c
BK
999
_c
8823
_d
8823